=LDR 00000nam 2200000 4500 =001 INLIS000000000045081 =005 20141212161332.0 =006 =007 =008 =020 ##$$a 979-655-012-1 =035 ##$$0010-121400000000231 =082 ##$$a 400-Blo-b =100 ##$$a Leonard Bloomfield =245 ##$$a Bahasa =260 ##$$a Jakarta $b Gramedia Pustaka Utama $c 1995 =300 ##$$a xii,539 Hlm $c 21 Cm =850 ##$$a NBPNMAT =990 ##$$a 0001/BPAP-NTB/20142014 =990 ##$$a 0001/BPAP-NTB/20142015